Flags of Micronations #1 - Statistics

General Stats
  • This quiz has been taken 99 times
    98 since last reset
  • The average score is 6 of 16
Answer Stats
Picture Answer % Correct
Principality of Sealand
73%
Republic of Molossia
61%
Principality of Wy
55%
Grand Duchy Of Flandrensis
52%
Principality of Hutt River
52%
Free Republic of Liberland
48%
Royal Republic of Ladonia
45%
Kingdom of North Sudan
33%
Republic of Kugelmugel
33%
Principality of Seborga
27%
Republic of Zaqistan
27%
Baustralia
24%
Empire of Austenasia
24%
Kingdom of Asteria
24%
Vishwamitra
18%
Kingdom of Gradonia
15%
No matching quizzes found
Score Distribution
Percent of People with Each Score
Percentile by Number Answered
Your Score History
You have not taken this quiz since the last reset